000 00597nam a2200217Ia 4500
003 OSt
005 20220928140558.0
006 a|||||r|||| 00| 0
007 ta
008 220927b |||||||| |||| 00| 0 eng d
024 _a9590
037 _cTextual
040 _aSDCL
_cSDCL
_beng
041 _2eng
_aeng
082 _aD6,8(B),45, N2
100 _aHorvath Ralph
_9496028
245 0 _aIntroduction to microprocessors to microprocessors using the mc 6809 or the mc 68000.
260 _c1992
942 _hD6,8(B),45, N2
_cTEXL
_2CC
999 _c812284
_d812284